Nine o'clock in the morning. (Record no. 13700)

000 -LEADER
fixed length control field 00712nam a2200205 a 4500
001 - CONTROL NUMBER
control field :::00011523$&:&@@
003 - CONTROL NUMBER IDENTIFIER
control field OkBaRHE
005 - DATE AND TIME OF LATEST TRANSACTION
control field 20100402115717.0
008 - FIXED-LENGTH DATA ELEMENTS--GENERAL INFORMATION
fixed length control field s1970 j 000 0 eng u
020 ## - INTERNATIONAL STANDARD BOOK NUMBER
International Standard Book Number 0912106042
040 ## - CATALOGING SOURCE
Transcribing agency
100 1# - MAIN ENTRY--PERSONAL NAME
Personal name Bennett, Dennis J.
245 10 - TITLE STATEMENT
Title Nine o'clock in the morning.
260 ## - PUBLICATION, DISTRIBUTION, ETC. (IMPRINT)
Place of publication, distribution, etc South Plainfield, NJ., :
Name of publisher, distributor, etc Bridge Publishing Co.
Date of publication, distribution, etc 1970
300 ## - PHYSICAL DESCRIPTION
Extent xii, 209 p. ;
Dimensions 21 cm.
650 ## - SUBJECT ADDED ENTRY--TOPICAL TERM
Topical term or geographic name as entry element Baptism in the Holy Spirit
942 ## - ADDED ENTRY ELEMENTS (KOHA)
Source of classification or shelving scheme
Koha item type Books
Copies
Lost status Not for loan Withdrawn status Date last seen Shelving location Barcode Damaged status Permanent Location Full call number Koha item type Date acquired Source of classification or shelving scheme Price effective from Copy number
   2010-04-14General Stacks11523 RHEMA Bible Training CollegeBX 5995 .B394 A3Books2010-04-14 2010-04-141
   2010-04-14General Stacks15373 RHEMA Bible Training CollegeBX 5995 .B394 A3Books2010-04-14 2010-04-142